| 000 | 02319nab a2200277 a 4500 | ||
|---|---|---|---|
| 005 | 20250324092619.0 | ||
| 008 | 991125c2016 sp fr p o 000 0 spa d | ||
| 035 | _aUPN01000215681 | ||
| 040 |
_aUPN _bspa _cUPN _eaacr2 |
||
| 049 | _aART-E | ||
| 100 | 1 |
_aRovira Collado, José _6- jrovira.collado@ua.es |
|
| 245 | 1 | 0 | _aMirar como maestros para el desarrollo de la comprensión lectora. Blogs educativos para la competencia profesional en futuros docentes |
| 506 | 0 | _aAcceso abierto | |
| 520 | 3 | _aDentro de las diferentes lecciones que se desarrollan en los cursos de Educación Primaria y Maestría en Educación de Maestros, un aspecto principal es la competencia profesional y la noción del maestro (Mason, 2002). A través de esto, los alumnos, como futuros profesores, comienzan a interpretar las situaciones de enseñanza y reflexionan sobre cómo se produce el aprendizaje de los alumnos en las diferentes aulas y asignaturas. Una de las varias propuestas para mejorar esta mirada educativa pasa por las nuevas posibilidades de Internet. En este artículo analizamos algunos blogs de profesores como una plataforma para el desarrollo de esta "percepción del maestro" y la competencia de la lectura. Se parte de ejemplos generales de blogs de pensamiento educativo y de acción educativa (Balagué y Zayas, 2007) para centrarse en la enseñanza de la lengua y la literatura y la literatura infantil, espacios de reflexión académica sobre la educación literaria, comprensión de lectura y e-alfabetización. -cinco modelos concluimos que todos estos espacios nos permiten desarrollar la percepción profesional de los estudiantes a los profesores de diferentes etapas educativas. Comprensión de lectura del contenido contenido en estos blogs permite a los estudiantes para demostrar el desarrollo de la observación. | |
| 650 | 4 |
_aComprensión lectora _91537 |
|
| 650 | 2 |
_aCompetencia profesional _95288 |
|
| 650 | 2 |
_aBlogs _922185 |
|
| 653 | 0 | _aDocentes | |
| 653 | 0 | _aEnseñanza de la lengua | |
| 773 |
_gNo. 6 (2016), p. 58-75 _tInvestigaciones sobre lectura (ISL) _x2340-8685 |
||
| 856 | 4 | _uhttps://revistas.uma.es/index.php/revistaISL/article/view/10976 | |
| 856 | 4 | _uhttps://doi.org/10.24310/revistaisl.vi6.10976 | |
| 902 | _aGloria Jiménez/1124 | ||
| 905 | _aArticulo | ||
| 942 | _cART-E | ||
| 999 |
_c187781 _d187781 |
||